The Law Reports Queen's Bench Division 1954 Vol 2 / (Record no. 1336)

MARC details
000 -LEADER
fixed length control field 01901cas a2200481 a 4500
001 - CONTROL NUMBER
control field 11148272
003 - CONTROL NUMBER IDENTIFIER
control field OSt
005 - DATE AND TIME OF LATEST TRANSACTION
control field 20110506164403.0
008 - FIXED-LENGTH DATA ELEMENTS--GENERAL INFORMATION
fixed length control field 751101c19539999enkwr w 0 a0eng
010 ## - LIBRARY OF CONGRESS CONTROL NUMBER
Canceled/invalid LC control number sn 93031320
016 7# - NATIONAL BIBLIOGRAPHIC AGENCY CONTROL NUMBER
Record control number 101133413
Source DNLM
020 ## - INTERNATIONAL STANDARD BOOK NUMBER
International Standard Book Number 0406093806
030 ## - CODEN DESIGNATION
CODEN WLRIEQ
040 ## - CATALOGING SOURCE
Original cataloging agency DLC
Transcribing agency MnMULS
Modifying agency NIC
-- OCoLC
-- MH
-- OUCA
-- DLC
-- MH
-- DNLM
-- NLGGC
-- DLC
-- CaQQL
-- OCoLC
042 ## - AUTHENTICATION CODE
Authentication code pcc
043 ## - GEOGRAPHIC AREA CODE
Geographic area code e-uk---
050 00 - LIBRARY OF CONGRESS CALL NUMBER
Classification number KD282
Item number .W44
082 ## - DEWEY DECIMAL CLASSIFICATION NUMBER
Classification number 348.041
245 04 - TITLE STATEMENT
Title The Law Reports Queen's Bench Division 1954 Vol 2 /
260 ## - PUBLICATION, DISTRIBUTION, ETC. (IMPRINT)
Place of publication, distribution, etc London :
Name of publisher, distributor, etc Incorporated Council of Law Reporting for England and Wales,
Date of publication, distribution, etc 1974
300 ## - PHYSICAL DESCRIPTION
Extent v. ;
Dimensions 26 cm.
310 ## - CURRENT PUBLICATION FREQUENCY
Current publication frequency Weekly
362 0# - DATES OF PUBLICATION AND/OR SEQUENTIAL DESIGNATION
Dates of publication and/or sequential designation Jan. 2, 1953-
500 ## - GENERAL NOTE
General note Title from cover.
500 ## - GENERAL NOTE
General note Cited as: W.L.R.
515 ## - NUMBERING PECULIARITIES NOTE
Numbering peculiarities note Issued in 3 parts (vols.) per year; v. 1, starred cases--cases of value that are not in the law reports; v. 2-3 contain cases intended to be in the law reports.
550 ## - ISSUING BODY NOTE
Issuing body note Containing decisions in the House of Lords, the Privy Council and the various courts of Great Britain.
590 ## - LOCAL NOTE (RLIN)
Local note SERBIB/SERLOC merged record
650 #0 - SUBJECT ADDED ENTRY--TOPICAL TERM
Topical term or geographic name as entry element Law reports, digests, etc.
Geographic subdivision Great Britain.
9 (RLIN) 3729
650 17 - SUBJECT ADDED ENTRY--TOPICAL TERM
Topical term or geographic name as entry element Recht.
Source of heading or term gtt
9 (RLIN) 2562
650 #6 - SUBJECT ADDED ENTRY--TOPICAL TERM
Topical term or geographic name as entry element Jurisprudence
General subdivision Recueils, répertoires, etc.
Geographic subdivision Grande-Bretagne.
9 (RLIN) 3730
710 2# - ADDED ENTRY--CORPORATE NAME
Corporate name or jurisdiction name as entry element Incorporated Council of Law Reporting for England and Wales.
9 (RLIN) 2564
710 1# - ADDED ENTRY--CORPORATE NAME
Corporate name or jurisdiction name as entry element Great Britain.
Subordinate unit Parliament.
-- House of Lords.
9 (RLIN) 3731
710 1# - ADDED ENTRY--CORPORATE NAME
Corporate name or jurisdiction name as entry element Great Britain.
Subordinate unit Privy Council.
9 (RLIN) 3732
780 00 - PRECEDING ENTRY
Title Weekly notes
Record control number (DLC) 21012308
-- (OCoLC)4748702
906 ## - LOCAL DATA ELEMENT F, LDF (RLIN)
a 7
b cbc
c serials
d u
e ncip
f 19
g n-oclcserc
936 ## - OCLC/CONSER MISCELLANEOUS DATA (OCLC); PIECE USED FOR CATALOGING (pre-AACR2) (RLIN)
OCLC control number(s) of parallel record(s) (OCLC); Piece used for cataloging, PUC (RLIN) Dec. 16, 1994 LIC
942 ## - ADDED ENTRY ELEMENTS (KOHA)
Source of classification or shelving scheme Dewey Decimal Classification
Koha item type Books
Holdings
Withdrawn status Lost status Source of classification or shelving scheme Damaged status Not for loan Home library Current library Shelving location Date acquired Total Checkouts Full call number Barcode Date last seen Price effective from Koha item type
    Dewey Decimal Classification     Law Development Centre Main Library Law Development Centre Main Library Law Reports 05/06/2011   348.041 LAW 2011/526 05/06/2011 05/06/2011 Law Reports